Peer-to-Peer Networking and Applications (Запис № 455413)

МАРК-запис
000 -LEADER
fixed length control field 04043nas a22003495i 4500
001 - CONTROL NUMBER
control field 1936-6450
003 - CONTROL NUMBER IDENTIFIER
control field DE-He213
005 - DATE AND TIME OF LATEST TRANSACTION
control field 20260304140634.0
007 - PHYSICAL DESCRIPTION FIXED FIELD--GENERAL INFORMATION
fixed length control field cr nn 008mamaa
008 - FIXED-LENGTH DATA ELEMENTS--GENERAL INFORMATION
fixed length control field 150723s||||||||xxuuu poo|||||| b|EN |d
022 ## - INTERNATIONAL STANDARD SERIAL NUMBER
International Standard Serial Number 1936-6450
024 7# - OTHER STANDARD IDENTIFIER
Standard number or code 10.1007/12083.1936-6450
Source of number or code doi
210 10 - ABBREVIATED TITLE
Abbreviated title Peer-to-Peer Netw. Appl.
245 10 - TITLE STATEMENT
Title Peer-to-Peer Networking and Applications
Medium [electronic resource] /
Statement of responsibility, etc edited by Xuemin (Sherman) Shen.
264 #1 -
-- New York :
-- Springer US :
-- Imprint: Springer.
300 ## - PHYSICAL DESCRIPTION
Other physical details online resource.
520 ## - SUMMARY, ETC.
Summary, etc Peer-to-Peer Networking and Applications (P2PNA) has received significant attention from both academia and industry in recent years. The aim of the Peer-to-Peer Networking and Applications journal is to disseminate state-of-the-art research and development results in this rapidly growing research area, to facilitate the deployment of P2P networking and applications, and to bring together the academic and industry communities, with the goal of fostering interaction to promote further research interests and activities, thus enabling new P2P applications and services. The journal not only addresses research topics related to networking and communications theory, but also considers the standardization, economic, and engineering aspects of P2P technologies, and their impacts on software engineering, computer engineering, networked communication, and security. Peer-to-Peer Networking and Applications is committed to the timely publication of high-quality, original papers that advance the cutting-edge research in the area of peer-to-peer networking, services, and applications. The journal serves as a forum for tackling the technical problems arising from both file sharing and media streaming applications. It also includes state-of-the-art technologies in the P2P security domain. Peer-to-Peer Networking and Applications publishes regular papers, tutorials and review papers, case studies, and correspondence from the research, development, and standardization communities. Papers addressing system, application, and service issues are encouraged. The Journal covers all subject areas of peer-to-peer networking and applications including, but not limited to: P2P ad hoc and sensor networks P2P application and services P2P content access and distribution P2P economics P2P enabled technologies P2P file sharing P2P media streaming P2P multicasting and multimedia delivery P2P overlay networks P2P security issues P2P wireless and mobile networks Architectures and protocols Convergence/co-existence of P2P and other networks Data and index structures Modeling, performance and robustness QoS Replication and load-balancing strategies Semantic routing and search It is the policy of the journal that no submission, or substantially overlapping submission, be published or be under review at another journal. Papers extending previously published conference papers are acceptable, as long as the journal submission provides a significant contribution beyond the conference paper, and the overlap is noted clearly at the beginning of the journal submission. If you have any question about whether the overlap with another paper is "substantial," please include in the paper a discussion of the similarities and differences with other papers, including the unique contribution(s) of the PPNA submission.
650 #0 - SUBJECT ADDED ENTRY--TOPICAL TERM
Topical term or geographic name as entry element Telecommunication.
650 #0 - SUBJECT ADDED ENTRY--TOPICAL TERM
Topical term or geographic name as entry element Computer engineering.
650 #0 - SUBJECT ADDED ENTRY--TOPICAL TERM
Topical term or geographic name as entry element Computer networks .
650 #0 - SUBJECT ADDED ENTRY--TOPICAL TERM
Topical term or geographic name as entry element Computer networks .
650 #0 - SUBJECT ADDED ENTRY--TOPICAL TERM
Topical term or geographic name as entry element Signal processing.
650 14 - SUBJECT ADDED ENTRY--TOPICAL TERM
Topical term or geographic name as entry element Communications Engineering, Networks.
650 24 - SUBJECT ADDED ENTRY--TOPICAL TERM
Topical term or geographic name as entry element Computer Engineering and Networks.
650 24 - SUBJECT ADDED ENTRY--TOPICAL TERM
Topical term or geographic name as entry element Computer Communication Networks.
650 24 - SUBJECT ADDED ENTRY--TOPICAL TERM
Topical term or geographic name as entry element Signal, Speech and Image Processing.
700 1# - ADDED ENTRY--PERSONAL NAME
Personal name Shen, Xuemin (Sherman).
Relator term editor.
Relator code edt
-- http://id.loc.gov/vocabulary/relators/edt
9 (RLIN) 24091
710 2# - ADDED ENTRY--CORPORATE NAME
Corporate name or jurisdiction name as entry element SpringerLink (Online service)
776 08 - ADDITIONAL PHYSICAL FORM ENTRY
Display text Printed version:
International Standard Serial Number 1936-6442
856 40 - ELECTRONIC LOCATION AND ACCESS
Uniform Resource Identifier <a href="https://doi.org/10.1007/12083.1936-6450">https://doi.org/10.1007/12083.1936-6450</a>
Public note Open Access

Немає доступних примірників.